| 000 | 004480000a22001930004500 | ||
|---|---|---|---|
| 003 | LK-CoMWRAF | ||
| 005 | 20230929111849.0 | ||
| 008 | 230817t ||||| |||| 00| 0 eng d | ||
| 020 | _a0700701907 | ||
| 040 |
_aLK-CoMWRAF _dLK-CoMWRAF _eLK-CoMWRAF |
||
| 041 | _aeng | ||
| 082 |
_a297 _bKLE |
||
| 100 | _aKlen, F.A. | ||
| 245 | _aThe Religion of Islam | ||
| 260 |
_aLondon : _bCurzon, _c1985 |
||
| 300 | _a241p | ||
| 650 | _aIslam | ||
| 942 | _cBK | ||
| 999 |
_c1067 _d1067 |
||